Perang dunia kedua : perang Askar Melayu

Bibliographic Details
Main Author: Wan Hashim Wan Teh
Format: Book
Published: Kuala Lumpur : DBP , 1993
Subjects:

MARC

LEADER 00000cam a2200000 7i4500
001 0000007339
002 000007892
005 20000330.0
020 |a 9836236910 
090 0 0 |a 959.503   |b WAN 
100 0 |a Wan Hashim Wan Teh 
245 1 0 |a Perang dunia kedua :   |b perang Askar Melayu   |c Wan Hashim Wan Teh 
260 |a Kuala Lumpur :   |b DBP ,   |c 1993 
300 |a 149p. :   |b ill. ;   |c 23cm. 
650 0 0 |a Military arm forces   |z Malaysia 
650 0 0 |a World War II   |z Malaysia 
999 |a 052000   |b BUKU   |c MALAYSIANA   |e PERPUSTAKAAN KOMUNITI PETALING JAYA